Revista de derecho penal. Derecho penal economico 2025-1: (Registro nro. 6508)
[ vista simple ]
| 000 -LEADER | |
|---|---|
| fixed length control field | 01037nam a22003257a 4500 |
| 003 - CONTROL NUMBER IDENTIFIER | |
| control field | OSt |
| 005 - DATE AND TIME OF LATEST TRANSACTION | |
| control field | 20260331104140.0 |
| 007 - PHYSICAL DESCRIPTION FIXED FIELD--GENERAL INFORMATION | |
| fixed length control field | ta |
| 008 - FIXED-LENGTH DATA ELEMENTS--GENERAL INFORMATION | |
| fixed length control field | 260331s2025 ag ||||| |||| 00| 0 spa d |
| 020 ## - INTERNATIONAL STANDARD BOOK NUMBER | |
| International Standard Book Number | 9789873052262 |
| 040 ## - CATALOGING SOURCE | |
| Transcribing agency | cj catamarca |
| 245 10 - TITLE STATEMENT | |
| Title | Revista de derecho penal. Derecho penal economico 2025-1: |
| Remainder of title | Blanqueo y defraudacion I |
| 250 ## - EDITION STATEMENT | |
| Edition statement | 1º ed. |
| 260 ## - PUBLICATION, DISTRIBUTION, ETC. | |
| Place of publication, distribution, etc. | Santa Fe: |
| Name of publisher, distributor, etc. | Rubinzal Culzoni, |
| Date of publication, distribution, etc. | 2025 |
| 300 ## - PHYSICAL DESCRIPTION | |
| Extent | 342 p. |
| Dimensions | 23 cm |
| 500 ## - GENERAL NOTE | |
| General note | INVENTARIO Nº 8129 |
| 650 #7 - SUBJECT ADDED ENTRY--TOPICAL TERM | |
| Source of heading or term | SAIJ |
| 653 ## - INDEX TERM--UNCONTROLLED | |
| Uncontrolled term | LAVADO DE ACTIVOS |
| 653 ## - INDEX TERM--UNCONTROLLED | |
| Uncontrolled term | LEY DE IA-DERECHOS FUNDAMENTALES |
| 653 ## - INDEX TERM--UNCONTROLLED | |
| Uncontrolled term | IA-BLANQUEO DE DINERO |
| 653 ## - INDEX TERM--UNCONTROLLED | |
| Uncontrolled term | LEY 27.739-LAVADO DE DINERO |
| 653 ## - INDEX TERM--UNCONTROLLED | |
| Uncontrolled term | DEFRAUDACION TRIBUTARIA-ECUADOR |
| 653 ## - INDEX TERM--UNCONTROLLED | |
| Uncontrolled term | LEY 24.769-Art. 11 |
| 653 ## - INDEX TERM--UNCONTROLLED | |
| Uncontrolled term | CASO "AMC SRL" |
| 653 ## - INDEX TERM--UNCONTROLLED | |
| Uncontrolled term | INTERMEDIACION FINANCIERA |
| 653 ## - INDEX TERM--UNCONTROLLED | |
| Uncontrolled term | ADUANA-CONTRABANDO-FUNCIONARIO PUBLICO |
| 700 #0 - ADDED ENTRY--PERSONAL NAME | |
| 9 (RLIN) | 17 |
| Personal name | Donna, Egardo A. |
| Relator term | director |
| 856 ## - ELECTRONIC LOCATION AND ACCESS | |
| Uniform Resource Identifier | <a href="https://drive.google.com/file/d/1fi3hUO7fvuJqkjdEm6881y_yuOQJJnFx/view?usp=sharing">https://drive.google.com/file/d/1fi3hUO7fvuJqkjdEm6881y_yuOQJJnFx/view?usp=sharing</a> |
| 942 ## - ADDED ENTRY ELEMENTS (KOHA) | |
| Source of classification or shelving scheme | Dewey Decimal Classification |
| Koha item type | Book |
| Suppress in OPAC | No |
| Withdrawn status | Lost status | Source of classification or shelving scheme | Damaged status | Not for loan | Home library | Current library | Date acquired | Source of acquisition | Total Checkouts | Barcode | Date last seen | Price effective from | Koha item type |
|---|---|---|---|---|---|---|---|---|---|---|---|---|---|
| Dewey Decimal Classification | PJCB | PJCB | 03/31/2026 | Compra | 8129 | 03/31/2026 | 03/31/2026 | Book |

